Budovanie úspešnej značky
Značka - charakteristika. Potenciál značky treba kultivovať a vedome riadiť. Stratégia značky - základné kritériá. Identita značky. Imidž značky. Cesty k úspešnej značke.
Salvato in:
| Autore principale: | |
|---|---|
| Natura: | Capitolo di libro |
| Lingua: | slovacco |
| Soggetti: | |
| Tags: |
Nessun Tag, puoi essere il primo ad aggiungerne!!
|
MARC
| LEADER | 00000naa$a2200000$$$4500 | ||
|---|---|---|---|
| 001 | 0026370 | ||
| 005 | 20231108140705.0 | ||
| 041 | 0 | |a slo | |
| 044 | |a SK | ||
| 245 | 1 | 0 | |a Budovanie úspešnej značky |c Vladimír Burčík |
| 520 | |a Značka - charakteristika. Potenciál značky treba kultivovať a vedome riadiť. Stratégia značky - základné kritériá. Identita značky. Imidž značky. Cesty k úspešnej značke. | ||
| 610 | 2 | 0 | |a značky maloobchodné |
| 610 | 2 | 0 | |a značky výrobné |
| 610 | 2 | 0 | |a identita |
| 610 | 2 | 0 | |a imidž |
| 610 | 2 | 0 | |a riadenie |
| 100 | 1 | |a Burčík, Vladimír | |